000 00352nam a22001217a 4500
008 180424b xxu||||| |||| 00| 0 eng d
041 _aeng
080 _a043.3
100 _a0
101 _aSHKI-MTH
245 _aEfiqienca Kompjuterike e llogaritjës së determinantave, krahasimi i metodave të njohura me metodat e reja
_cSalihu,A
942 _2udc
_cBK
999 _c45445
_d45445